NBA Active Top 50: playoff minutes played - Statistics

General Stats
  • This quiz has been taken 30 times
  • The average score is 36 of 50
Answer Stats
Team Player Min % Correct
BKN Kevin Durant 5598
100%
LAL LeBron James 10811
100%
TOR Kyle Lowry 3397
96%
MIA Jimmy Butler 2854
91%
LAC Kawhi Leonard 4358
91%
GSW Stephen Curry 4235
91%
PHX Chris Paul 4061
87%
POR Damian Lillard 2210
87%
PHI Danny Green 3713
87%
SAS DeMar DeRozan 2165
87%
GSW Draymond Green 4377
87%
BKN James Harden 4522
87%
BKN Jeff Green 1976
87%
GSW Klay Thompson 4570
87%
LAC Lou Williams 1796
87%
WAS Russell Westbrook 3982
87%
BOS Tristan Thompson 2327
87%
OKC Al Horford 4288
83%
POR Carmelo Anthony 2949
83%
BKN Kyrie Irving 2221
83%
LAC Paul George 3446
83%
MIA Andre Iguodala 5134
78%
WAS Bradley Beal 1597
78%
PHI Dwight Howard 3796
78%
CLE Kevin Love 1958
78%
BOS Jayson Tatum 1668
74%
LAL Marc Gasol 3307
74%
DET Blake Griffin 1870
70%
POR CJ McCollum 1758
70%
BOS Jaylen Brown 1744
70%
NOP J.J. Redick 2910
70%
SAS LaMarcus Aldridge 2668
70%
DEN Paul Millsap 3435
65%
ATL Rajon Rondo 4339
65%
MIA Udonis Haslem 3194
65%
BKN DeAndre Jordan 1779
61%
MIL Khris Middleton 1608
61%
SAC Harrison Barnes 2041
57%
BOS Marcus Smart 1950
57%
LAC Serge Ibaka 4079
57%
NOP Steven Adams 1610
57%
DET Derrick Rose 1784
52%
OKC George Hill 4063
52%
PHX Jae Crowder 2087
52%
UTA Mike Conley 2258
52%
HOU Eric Gordon 1870
48%
HOU PJ Tucker 1660
43%
OKC Trevor Ariza 3293
43%
BOS Jeff Teague 2080
22%
LAL Wesley Matthews 1537
22%
No matching quizzes found
Score Distribution
Percent of People with Each Score
Percentile by Number Answered
Your Score History
You have not taken this quiz